Biblioteca

Historia de la iglesia cristiana / Williston Walker ; Adam F. Sosa, Traductor (Registro nro. 38471)

Detalles MARC
000 -LÍDER
Campo fijo de descripción fija 005500000a22001810004500
041 0# - CÓDIGO DE IDIOMA
Código de idioma para texto/pista de sonido o título separado
082 04 - NÚMERO DE CLASIFICACIÓN DECIMAL DEWEY
Número de clasificación G 270 W1772i
001 - NÚMERO DE CONTROL
Campo de control 8295
100 1# - ASIENTO PRINCIPAL--NOMBRE PERSONAL
Nombre personal Walker, Williston
245 10 - TÍTULO
Título del Material Historia de la iglesia cristiana / Williston Walker ; Adam F. Sosa, Traductor
260 ## - PUBLICACIÓN, DISTRIBUCIÓN, ETC. (PIE DE IMPRENTA)
Lugar de publicación, distribución, etc. Kansas City, MIS., USA : Casa Nazarena
300 ## - DESCRIPCIÓN FÍSICA
Extensión 623 Pag
336 ## - CONTENT TYPE
Content type term texto
Content type code txt
Source rdacontent
337 ## - MEDIA TYPE
Source rdamedia
Media type term sin mediación
Media type code n
338 ## - CARRIER TYPE
Source rdacarrier
Carrier type term volumen
Carrier type code nc
500 ## - NOTA GENERAL
Nota General Título original en inglés : A history of the christian church
942 ## - TIPO DE MATERIAL (KOHA)
Tipo de Item KOHA Libros General
Existencias
Estado de Material Estado de Perdido Estado de Dañado No para Préstamo Colección Tomo Biblioteca de Origen Biblioteca Permanente Fecha de Adquisición Total de Préstamos Signatura Topográfica Código de Barras Última vez visto Última vez Préstado Ejemplar/Existencia Fecha de Remplazo Tipo de Material Total de Renovaciones
        Colección General   Biblioteca FUSBC Biblioteca FUSBC 13/01/2005 2 G 270 W1772i 6841 26/09/2025 02/11/2022 1 26/01/2016 Libros General  
        Colección General   Biblioteca FUSBC Biblioteca FUSBC 13/01/2005 4 G 270 W1772i 6843 07/03/2024 07/03/2024 3 26/01/2016 Libros General 1
        Colección General   Biblioteca FUSBC Biblioteca FUSBC 13/01/2005 1 G 270 W1772i 6842 12/12/2019 17/03/2018 2 26/01/2016 Libros General  

Biblioteca FUSBC | Teléfono: (57+4) 349 88 10 Ext. 141| WhatsApp (+57) 3005338115 
E-mail: biblioteca@unisbc.edu.co | Calle 76 87-14 Robledo Palenque, Medellín, Colombia

Con tecnología Koha